|
|
|
|
| LEADER |
01247nam a2200265 i 4500 |
| 001 |
GR-MES178 |
| 003 |
GR-PaULI |
| 005 |
20240923132612.0 |
| 008 |
991111s1988 gr a g 001 b eng d |
| 020 |
|
|
|a 0133192113
|
| 040 |
|
|
|a GrPaTEI
|b gre
|c GR-PaULI
|e AACR2
|
| 082 |
0 |
4 |
|2 23
|a 597
|
| 100 |
1 |
|
|a Moyle, Peter B.
|9 119790
|e συγγραφέας.
|
| 245 |
1 |
0 |
|a Fishes :
|b an introduction to ichthyology /
|c Peter B. Moyle, Joseph J. Cech,Jr.
|
| 250 |
|
|
|a 2η έκδ.
|
| 260 |
|
|
|a New Jersey :
|b Prentice Hall,
|c c1988.
|
| 300 |
|
|
|a xiv, 559 σ. :
|b εικ. ;
|c 24 εκ.
|
| 504 |
|
|
|a Περιλαμβάνει βιβλιογραφία και ευρετήριο.
|
| 650 |
|
4 |
|a Ιχθυολογία
|9 5369
|
| 700 |
1 |
|
|a Cech, Joseph J.
|9 119791
|e συγγραφέας.
|
| 942 |
|
|
|2 ddc
|c BK
|
| 952 |
|
|
|0 0
|1 0
|2 ddc
|4 0
|6 597_000000000000000_MOY
|7 0
|9 263453
|a MSLG
|b MSLG
|c BSC
|d 2021-01-17
|e 24
|f 0
|g 0.00
|i 1008
|l 0
|o 597 MOY
|p 2420000001008
|r 2021-01-17 00:00:00
|t 1
|w 2021-01-17
|y BK15
|x 19991111 0 1
|x GrPaTEI
|
| 952 |
|
|
|0 0
|1 0
|2 ddc
|4 0
|6 597_000000000000000_MOY
|7 0
|9 263454
|a MSLG
|b MSLG
|c BSC
|d 2021-01-17
|e 24
|f 0
|g 0.00
|i 3736
|l 0
|o 597 MOY
|p 2420000003736
|r 2021-01-17 00:00:00
|t 2
|w 2021-01-17
|y BK15
|x 19991111 0 1
|x GrPaTEI
|
| 998 |
|
|
|c ΒΑΣΙΛΕΙΟΥ
|d 2024-09
|
| 999 |
|
|
|c 151648
|d 151648
|